000 00429nam a22001697a 4500
003 UA-OsUOA
001 5341
007 ta
008 20050721b un ||||| |||| 00| 0 ukr d
100 _aРябчун
700 _aА. В.
942 _cBK
040 _aUA-OsUOA
_cUA-OsUOA
_dUA-OsUOA
245 _aСленг як одне з джерел попов. лексики ам. і анг. м
_bBA Paper
955 _a2
650 7 _2UDC
999 _c291503
_d291503